MARC

LEADER 00000nam0a2200000 4500
001 310672
005 20231102002318.0
020 |a RU  |b 82-12230 
035 |a (RuTPU)RU\TPU\book\336022 
090 |a 310672 
100 |a 20151127d1982 km y0rusy5003 ca 
101 0 |a rus 
102 |a RU 
105 |a a z 001zy 
200 1 |a Туманность Андромеды  |f А. С. Шаров 
210 |a Москва  |c Наука  |d 1982 
215 |a 447 с.  |c ил. 
320 |a Библиогр.: с. 438-447 
606 1 |a Туманности планетарные  |2 stltpush  |3 (RuTPU)RU\TPU\subj\62027  |9 79184 
610 1 |a астрономия 
610 1 |a визуальные наблюдения 
610 1 |a расстояние 
610 1 |a размеры 
610 1 |a структура 
610 1 |a ядро 
610 1 |a спектрофотометрия 
610 1 |a межзвездный газ 
610 1 |a межзвездная пыль 
610 1 |a новые звезды 
610 1 |a кинематика 
610 1 |a туманность 
610 1 |a туманность Андромеды 
610 1 |a спутники 
675 |a 524.37  |z rus  |v 3 
700 1 |a Шаров  |b А. С.  |g Александр Сергеевич  |4 070 
801 0 |a RU  |b RuMRKP  |c 19950704  |g psbo 
801 1 |a RU  |b 63413507  |c 20151127 
801 2 |a RU  |b 63413507  |c 20180926  |g RCR 
942 |c BK